Efecto Impositivo del Establecimiento Permanente 2016

Bibliographic Details
Main Author: Bettinger Barrio, Herbert
Format: Book
Language:Spanish
Published: Mx̌ico Ediciones Fiscales ISEF 2016
Subjects:
Online Access:Acceso restringido

MARC

LEADER 00000nam a22000007a 4500
005 20160520140536.0
007 cr|||| ||u|
008 160520s2016 mx ||||| |||| 00||0 spa d
020 |a 978-607-406-807-8 
035 |a 14254 
040 |a vLex 
090 |c 6121  |d 6121 
100 1 |a Bettinger Barrio, Herbert  
245 1 0 |a Efecto Impositivo del Establecimiento Permanente 2016  |h [Recurso electrn̤ico] /  |c Herbert Bettinger Barrios  
256 |a Servicio en ln̕ea  
260 |a Mx̌ico  |b Ediciones Fiscales ISEF  |c 2016 
300 |a 1 recurso electrn̤ico 
500 |a Esta obra tiene como finalidad, comprender lo que se debe entender como establecimiento permanente, conocer sus alcances y cul̀es son sus obligaciones fiscales en Mx̌ico y las que se derivan de los convenios que sobre doble tributacin̤ nuestro pas̕ ha celebrado con otras naciones, as ̕como sus derechos y de esta forma cuente con los elementos suficientes que le permitan llevar a cabo un adecuado cumplimiento de las normas fiscales. 
506 1 |a Contenido solo disponible en los productos indicados  |d vLex Global  |d vLex Global (Academic Edition, excluding Law Schools)  |d vLex Global (U.S. Academic Edition, Law Schools)  |d vLex Global (U.S. Academic Edition, excluding Law Schools)  |d vLex Global (Academic Edition, Law Schools) 
650 0 4 |a Derecho  |z Mx̌ico 
740 0 |a vLex libros (servicio en ln̕ea)  
856 4 0 |u http://vlex.com/source/efecto-impositivo-del-establecimiento-permanente-2016-14254  |z Acceso restringido 
942 |c BOOK 
999 0 |a Law  |b Mexic